000 00433nam a2200181 a 4500
001 4350
003 CO-ViMGA
008 141112s2004 ck r 000 u spa d
040 _aCO-ViMGA
_bspa
_cCO-ViMGA
082 _aA863.3 H375
100 1 _aHernandez, Jose
_96220
245 1 0 _aMartĂ­n Fierro
250 _a8a
260 _aArgentina :
_bPorrĂșa,
_c1990
300 _a104 p
650 1 4 _aNOVELA ARGENTINA
_92131
942 _2ddc
_cBK
999 _c11339
_d11339